Informe ley orgánica constitucional de educación
Guardado en:
| Autor principal: | |
|---|---|
| Formato: | Libro |
| Lenguaje: | español |
| Publicado: |
Santiago
CPU
1989
|
| Colección: | Documento de trabajo, 6
|
| Materias: | |
| Etiquetas: |
Agregar Etiqueta
Sin Etiquetas, Sea el primero en etiquetar este registro!
|
MARC
| LEADER | 00000nam a2200000 a 4500 | ||
|---|---|---|---|
| 001 | UCW5862 | ||
| 003 | CL-VaPUC | ||
| 008 | 910816e19890000CL |||||||||||||||||spa|d | ||
| 082 | 0 | 4 | |a 370.26 |b SQU |2 21 |
| 100 | 0 | |a Squella Narducci, Agustín |e author |9 310917 | |
| 245 | 1 | 0 | |a Informe ley orgánica constitucional de educación |
| 300 | |a 26 p | ||
| 942 | |c BK | ||
| 945 | |d 19910816 00:00:00 | ||
| 260 | |a Santiago |b CPU |c 1989 | ||
| 650 | 7 | |a EDUCACION LEGISLACION |2 CL-VaPUC |9 310918 | |
| 651 | 7 | |a CHILE |2 CL-VaPUC |9 310919 | |
| 583 | |a last modification |c 19910816 00:00:00 |k Rodrigo Vera | ||
| 490 | 0 | |a Documento de trabajo, 6 | |
| 999 | |c 219174 |d 219172 | ||
| 952 | |0 0 |1 0 |4 0 |6 370_260000000000000_SQU_1989 |7 0 |8 P |9 209763 |a BIBEDU |b BIBEDU |c BIBEDU_PB |d 2019-11-15 |i 277643K |o 370.26 SQU 1989 |p 277643K |r 2024-01-25 |w 2019-11-15 |y BK |k EDU | ||